000 00284nam a2200121Ia 4500
100 _aLevin Richard B
942 _cBK
654 _aComputer Virus handbook
245 _aComputer Virus Handbook
260 _bOsborne Mc graw Hill
_aNew Delhi
_c1991
546 _aENGLISH
999 _c28457
_d28457